Visualizzazione normale
Vista MARC
- Clayton Buck
di Personal Name
Records bibliografici associati: 1
001 - CONTROL NUMBER
- control field: 26443
003 - CONTROL NUMBER IDENTIFIER
- control field: IT-RoPau
005 - DATE AND TIME OF LATEST TRANSACTION
- control field: 20140523151325.0
008 - FIXED-LENGTH DATA ELEMENTS
- fixed length control field: 140523|| aca||aabn | a|a d
040 ## - CATALOGING SOURCE
- Original cataloging agency: IT-RoPau
- Transcribing agency: IT-RoPau
100 ## - HEADING--PERSONAL NAME
- Personal name: Clayton Buck
- Miscellaneous information: Codice autore musica SPICS: 29870
- Relator term: Autore musica
- Name of part/section of a work: Six Cats and A Prince
670 ## - SOURCE DATA FOUND
- Source citation: Work cat.: (IT-RoPau)99977: AA.VV. 794, Gioielli di Count Basie (I)